[Event "HUN-chT2 Breyer 1718"]
[Site "Hungary"]
[Date "2017.11.26"]
[Round "4.7"]
[White "Gasparics, Akos"]
[Black "Hohl, Matthias"]
[Result "1-0"]
[WhiteElo "2063"]
[BlackElo "2043"]
[PlyCount "83"]
[EventDate "2017.09.24"]
[EventType "team-tourn"]
[EventRounds "11"]
[EventCountry "HUN"]
[SourceTitle "EXT 2021"]
[Source "ChessBase"]
[SourceDate "2020.10.23"]
[SourceVersion "1"]
[SourceVersionDate "2020.10.23"]
[SourceQuality "1"]
[WhiteTeam "Zsambek"]
[BlackTeam "Budapest HASE"]
[WhiteTeamCountry "HUN"]
[BlackTeamCountry "HUN"]

1. e4 c5 2. c3 e6 3. d4 a6 4. Nf3 d5 5. exd5 exd5 6. h3 Nc6 7. Bd3 Nf6 8. 0-0 c4 9. Bc2 Be7 10. Re1 0-0 11. b3 Be6 12. Ng5 Bc8 13. Nd2 h6 14. Ngf3 Be6 15. bxc4 dxc4 16. Rxe6 fxe6 17. Nxc4 Qc7 18. Qe2 Nd8 19. Bd2 Rc8 20. Nce5 Bd6 21. Qd3 Nc6 22. Bb3 Rce8 23. Ng6 Rf7 24. Re1 Nd8 25. c4 Rd7 26. Qe2 Rf7 27. c5 Bf8 28. Nfe5 Rd7 29. Nxd7 Qxd7 30. Bc3 Nd5 31. Bb2 Nc6 32. Qg4 Ncb4 33. Ne5 Qc7 34. Ba4 Re7 35. Ng6 Rf7 36. Nxf8 Kxf8 37. Rxe6 Nf6 38. Qe2 Qd8 39. a3 Nbd5 40. Qe5 b5 41. cxb6 Nxb6 42. Qc5+ 1-0

[Event "HUN-chT2 Breyer 1718"]
[Site "Hungary"]
[Date "2017.10.29"]
[Round "3.7"]
[White "Nagy, Csaba1111"]
[Black "Gasparics, Akos"]
[Result "1/2-1/2"]
[WhiteElo "1957"]
[BlackElo "2063"]
[PlyCount "27"]
[EventDate "2017.09.24"]
[EventType "team-tourn"]
[EventRounds "11"]
[EventCountry "HUN"]
[SourceTitle "EXT 2021"]
[Source "ChessBase"]
[SourceDate "2020.10.23"]
[SourceVersion "1"]
[SourceVersionDate "2020.10.23"]
[SourceQuality "1"]
[WhiteTeam "Torokbalint"]
[BlackTeam "Zsambek"]
[WhiteTeamCountry "HUN"]
[BlackTeamCountry "HUN"]

1. e4 e6 2. d4 d5 3. exd5 exd5 4. Bd3 Bd6 5. Nf3 Nf6 6. 0-0 0-0 7. Bg5 h6 8. Bh4 Bg4 9. Nbd2 Nbd7 10. c3 c6 11. Qc2 Qc7 12. Rae1 Rfe8 13. Bf5 Bh5 14. Bg3 1/2-1/2

[Event "HUN-chT2 Breyer 1718"]
[Site "Hungary"]
[Date "2017.09.24"]
[Round "1.5"]
[White "Gasparics, Akos"]
[Black "Gaspar, David"]
[Result "1/2-1/2"]
[WhiteElo "2063"]
[BlackElo "1877"]
[PlyCount "82"]
[EventDate "2017.09.24"]
[EventType "team-tourn"]
[EventRounds "11"]
[EventCountry "HUN"]
[SourceTitle "EXT 2021"]
[Source "ChessBase"]
[SourceDate "2020.10.23"]
[SourceVersion "1"]
[SourceVersionDate "2020.10.23"]
[SourceQuality "1"]
[WhiteTeam "Zsambek"]
[BlackTeam "Tatabanya Turul"]
[WhiteTeamCountry "HUN"]
[BlackTeamCountry "HUN"]

1. e4 c5 2. c3 d5 3. exd5 Qxd5 4. d4 cxd4 5. cxd4 Nc6 6. Nf3 e5 7. Nc3 Bb4 8. Be3 Nge7 9. Be2 Nf5 10. 0-0 Bxc3 11. bxc3 0-0 12. c4 Qe4 13. Bd3 Nxe3 14. Bxe4 Nxd1 15. Rfxd1 exd4 16. Nxd4 Ne5 17. Rac1 Rb8 18. f4 Nd7 19. c5 Nf6 20. Bf3 a6 21. h3 g6 22. c6 bxc6 23. Nxc6 Rb7 24. Nd8 Rb8 25. Nc6 Rb7 26. Ne5 Rb2 27. Rd6 Be6 28. a4 Ra2 29. Rxa6 Rb8 30. a5 Rbb2 31. Rb6 Rf2 32. a6 Nd5 33. Rb8+ Kg7 34. a7 Rxf3 35. gxf3 Rxa7 36. Nd3 Bxh3 37. Rd8 Nf6 38. Nf2 Bf5 39. Rd4 Re7 40. Kf1 Nh5 41. Ng4 Rb7 1/2-1/2

[Event "HUN-chT2 Breyer 1617"]
[Site "Hungary"]
[Date "2017.02.12"]
[Round "6.7"]
[White "Gasparics, Akos"]
[Black "Szitas, Gabor"]
[Result "1/2-1/2"]
[WhiteElo "2074"]
[BlackElo "2104"]
[PlyCount "76"]
[EventDate "2016.10.30"]
[EventType "team-tourn"]
[EventRounds "9"]
[EventCountry "HUN"]
[SourceTitle "EXT 2021"]
[Source "ChessBase"]
[SourceDate "2020.10.23"]
[SourceVersion "1"]
[SourceVersionDate "2020.10.23"]
[SourceQuality "1"]
[WhiteTeam "Zsambek"]
[BlackTeam "Biatorbagy"]
[WhiteTeamCountry "HUN"]
[BlackTeamCountry "HUN"]

1. e4 e5 2. Nf3 Nc6 3. Bc4 Bc5 4. c3 Qe7 5. 0-0 d6 6. d4 Bb6 7. dxe5 dxe5 8. Bg5 Nf6 9. Nbd2 h6 10. Bh4 g5 11. Bg3 Bg4 12. h3 Bh5 13. Bb5 0-0-0 14. Qa4 Nb8 15. Nc4 Bxf3 16. Nxb6+ axb6 17. gxf3 c6 18. Be2 Rd2 19. Rfe1 Rxb2 20. Rab1 Rxb1 21. Rxb1 Qc5 22. Qb3 Nh5 23. Qxb6 Qxb6 24. Rxb6 Nf4 25. Bxf4 gxf4 26. Bc4 f6 27. Kf1 Kc7 28. Rb1 Nd7 29. Ke2 b5 30. Bb3 Nc5 31. Rg1 Kd6 32. Rg6 Nd7 33. h4 h5 34. Rg7 Nc5 35. Rf7 Nd7 36. Rg7 Nc5 37. Rf7 Nd7 38. Rg7 Nc5 1/2-1/2

[Event "Perenyi Memorial"]
[Site "Budapest"]
[Date "2016.01.07"]
[Round "2"]
[White "Szalanczy, Emil"]
[Black "Gasparics, Akos"]
[Result "1-0"]
[WhiteElo "2267"]
[BlackElo "2066"]
[PlyCount "103"]
[EventDate "2016.01.06"]
[EventType "swiss"]
[EventRounds "9"]
[EventCountry "HUN"]
[SourceTitle "CBM 170 Extra"]
[Source "ChessBase"]
[SourceDate "2016.02.25"]
[SourceVersion "1"]
[SourceVersionDate "2016.02.25"]
[SourceQuality "1"]

1. e4 e6 2. d4 d5 3. Nc3 Nf6 4. e5 Nfd7 5. f4 c5 6. Nf3 Nc6 7. Be3 cxd4 8. Nxd4 Bc5 9. Qd2 0-0 10. 0-0-0 Nxd4 11. Bxd4 a6 12. h4 b5 13. h5 b4 14. Na4 Bxd4 15. Qxd4 Qa5 16. b3 Bb7 17. h6 g6 18. Kb1 Bc6 19. Nb2 Qc5 20. Rh3 Rfc8 21. c3 bxc3 22. Rxc3 Qxd4 23. Rxd4 f6 24. a4 fxe5 25. fxe5 Bb7 26. Rxc8+ Rxc8 27. Nd3 a5 28. Be2 Ba6 29. Bg4 Bxd3+ 30. Rxd3 Kf7 31. Re3 Ke7 32. Be2 Rd8 33. Bb5 d4 34. Re1 Nb6 35. Rc1 Nd5 36. Rc5 Rf8 37. Bc4 Rf5 38. Rxa5 Rxe5 39. Ra7+ Kd6 40. Bxd5 Kxd5 41. Rxh7 Re1+ 42. Kc2 Ke4 43. Rd7 Re2+ 44. Kb1 Rxg2 45. h7 Rh2 46. a5 Kd3 47. a6 Kc3 48. a7 Rh1+ 49. Ka2 Rh2+ 50. Ka3 Rh1 51. Rc7+ Kd3 52. Kb4 1-0

[Event "HUN-chT2 Breyer 1516"]
[Site "Hungary"]
[Date "2015.12.06"]
[Round "6.6"]
[White "Karacsonyi, Gellert"]
[Black "Gasparics, Akos"]
[Result "0-1"]
[WhiteElo "2055"]
[BlackElo "2049"]
[PlyCount "94"]
[EventDate "2015.09.13"]
[EventType "team-tourn"]
[EventRounds "11"]
[EventCountry "HUN"]
[SourceTitle "CBM 170 Extra"]
[Source "ChessBase"]
[SourceDate "2016.02.25"]
[SourceVersion "1"]
[SourceVersionDate "2016.02.25"]
[SourceQuality "1"]
[WhiteTeam "Kobanya Aquarena"]
[BlackTeam "Zsambek"]
[WhiteTeamCountry "HUN"]
[BlackTeamCountry "HUN"]

1. e4 e6 2. d4 d5 3. Nd2 Nf6 4. e5 Nfd7 5. c3 c5 6. Bd3 Nc6 7. Ne2 Be7 8. Nf3 0-0 9. h4 f6 10. Nf4 Ndxe5 11. dxe5 fxe5 12. Bxh7+ Kxh7 13. Ng5+ Kg8 14. Nfxe6 Bxe6 15. Nxe6 Qd6 16. Nxf8 Rxf8 17. Bg5 e4 18. Bxe7 Nxe7 19. Qd2 Qf6 20. 0-0-0 Qxf2 21. Rdf1 Qxd2+ 22. Kxd2 Re8 23. h5 Nc6 24. h6 Ne5 25. hxg7 Nc4+ 26. Kc1 Kxg7 27. Rh5 Ne3 28. Re1 Kg6 29. Rh3 d4 30. Rg3+ Kf6 31. Re2 b6 32. Rh3 Re7 33. Rf2+ Ke6 34. Rh4 Kd5 35. Kd2 Nc4+ 36. Ke1 Ne5 37. Rf5 Ke6 38. Rhh5 Nd3+ 39. Kd2 Rg7 40. Rfg5 Rf7 41. Rg6+ Ke7 42. cxd4 cxd4 43. Rg4 Rf2+ 44. Kd1 Nxb2+ 45. Ke1 Nd3+ 46. Kd1 e3 47. Re4+ Kf6 0-1

[Event "HUN-chT2 Breyer 1516"]
[Site "Hungary"]
[Date "2015.10.18"]
[Round "3.6"]
[White "Gasparics, Akos"]
[Black "Furesz, Jozsef"]
[Result "1-0"]
[WhiteElo "2049"]
[BlackElo "1914"]
[PlyCount "85"]
[EventDate "2015.09.13"]
[EventType "team-tourn"]
[EventRounds "11"]
[EventCountry "HUN"]
[SourceTitle "CBM 170 Extra"]
[Source "ChessBase"]
[SourceDate "2016.02.25"]
[SourceVersion "1"]
[SourceVersionDate "2016.02.25"]
[SourceQuality "1"]
[WhiteTeam "Zsambek"]
[BlackTeam "Turul"]
[WhiteTeamCountry "HUN"]
[BlackTeamCountry "HUN"]

1. e4 e6 2. d4 d5 3. exd5 exd5 4. Nf3 Bd6 5. Bd3 Nf6 6. Bg5 0-0 7. 0-0 h6 8. Bh4 b6 9. Nbd2 Bb7 10. c3 c5 11. Re1 Nbd7 12. Ne5 Qc7 13. Nxd7 Nxd7 14. Nf1 Rfe8 15. Qg4 Nf8 16. Ng3 Bxg3 17. Bxg3 Qd7 18. Bf5 Rxe1+ 19. Rxe1 Qc6 20. Be5 g6 21. Bd3 Re8 22. Re3 Bc8 23. Qh4 cxd4 24. Qxh6 Rxe5 25. Rxe5 dxc3 26. bxc3 Bd7 27. Qd2 Qf6 28. Rxd5 Bc6 29. Rd4 Ne6 30. Rg4 Qd8 31. Qc2 Nf8 32. h3 Qf6 33. Be4 Bxe4 34. Rxe4 Ne6 35. Qd3 Qg5 36. Qe3 Qf6 37. Ra4 a5 38. Qxb6 Qxc3 39. Qxa5 Qc1+ 40. Kh2 Nf4 41. Qd8+ Kh7 42. Ra8 Kh6 43. h4 1-0

[Event "Budapest Art Pub Cup 7th"]
[Site "Budapest"]
[Date "2015.03.15"]
[Round "6"]
[White "Gasparics, Akos"]
[Black "Markos, Adam"]
[Result "0-1"]
[WhiteElo "2033"]
[BlackElo "2126"]
[PlyCount "116"]
[EventDate "2015.03.13"]
[EventType "swiss"]
[EventRounds "6"]
[EventCountry "HUN"]
[SourceTitle "CBM 165 Extra"]
[Source "ChessBase"]
[SourceDate "2015.04.21"]
[SourceVersion "1"]
[SourceVersionDate "2015.04.21"]
[SourceQuality "1"]

1. e4 c5 2. c3 d5 3. exd5 Qxd5 4. d4 e6 5. Nf3 Nf6 6. Be2 Nc6 7. 0-0 Be7 8. Na3 0-0 9. Nb5 Qd8 10. dxc5 Bxc5 11. Bf4 Nd5 12. Bg3 a6 13. Nbd4 Nxd4 14. Nxd4 Qb6 15. Nb3 Be7 16. Bd3 Bd7 17. Qc2 g6 18. Rad1 Rac8 19. Be4 Nf6 20. Bf3 Bb5 21. Rfe1 Rfd8 22. Rxd8+ Rxd8 23. Nd4 Bc4 24. b3 Bd5 25. Rd1 Bxf3 26. Nxf3 Rxd1+ 27. Qxd1 Ne4 28. Qd4 Qxd4 29. cxd4 Ba3 30. Ne1 Bb2 31. Nc2 Nc3 32. a4 Ne2+ 33. Kf1 Nxd4 34. Be5 Nxc2 35. Bxb2 Nb4 36. Ke2 Nd5 37. g3 Kf8 38. Kd3 Ke7 39. Kc4 Kd6 40. h4 Nb6+ 41. Kd3 Kd5 42. Bd4 Nd7 43. Kc3 e5 44. Be3 f5 45. f3 Nc5 46. Kb4 Ne6 47. Ka5 Kc6 48. b4 Nd4 49. b5+ axb5 50. f4 b6+ 51. Ka6 bxa4 52. fxe5 Ne6 53. Bc1 Nc5+ 54. Ka7 Nd3 55. Be3 a3 56. e6 b5 57. Bd4 b4 58. Kb8 Kd6 0-1

[Event "Budapest Art Pub Cup 7th"]
[Site "Budapest"]
[Date "2015.03.14"]
[Round "4"]
[White "Gasparics, Akos"]
[Black "Bohus, Adam"]
[Result "0-1"]
[WhiteElo "2033"]
[BlackElo "2101"]
[PlyCount "106"]
[EventDate "2015.03.13"]
[EventType "swiss"]
[EventRounds "6"]
[EventCountry "HUN"]
[SourceTitle "CBM 165 Extra"]
[Source "ChessBase"]
[SourceDate "2015.04.21"]
[SourceVersion "1"]
[SourceVersionDate "2015.04.21"]
[SourceQuality "1"]

1. e4 e5 2. Nf3 Nc6 3. Bc4 Bc5 4. c3 Nf6 5. d3 Bb6 6. 0-0 d6 7. h3 Ne7 8. Qb3 0-0 9. Bg5 Ng6 10. Nbd2 h6 11. Be3 Nh5 12. d4 Qf6 13. a4 a6 14. dxe5 dxe5 15. Bxb6 cxb6 16. Rad1 Ngf4 17. Kh2 Nxg2 18. Kxg2 Nf4+ 19. Kh2 Nxh3 20. Rg1 Nxf2 21. Rdf1 Qf4+ 22. Kg2 Nh3 23. Qxb6 Nxg1 24. Rxg1 Bg4 25. Bd5 Rad8 26. Re1 Rxd5 27. exd5 e4 28. Qe3 exf3+ 29. Nxf3 Qxa4 30. Nd4 Qa2 31. Kg3 Bd7 32. b3 Re8 33. Qc1 Rxe1 34. Qxe1 Qa5 35. d6 Qg5+ 36. Kh2 Qh5+ 37. Kg2 Qd5+ 38. Nf3 Bc6 39. Qe3 Qxf3+ 40. Qxf3 Kf8 41. c4 Ke8 42. b4 Kd7 43. c5 g5 44. Kg3 Bxf3 45. Kxf3 f5 46. Ke3 g4 47. Kf4 h5 48. Kg3 Ke6 49. Kf4 h4 50. Ke3 h3 51. Kf2 f4 52. Kf1 g3 53. Kg1 f3 0-1

[Event "Budapest Art Pub Cup 7th"]
[Site "Budapest"]
[Date "2015.03.14"]
[Round "3"]
[White "Solti, Gergely"]
[Black "Gasparics, Akos"]
[Result "0-1"]
[WhiteElo "1856"]
[BlackElo "2033"]
[PlyCount "76"]
[EventDate "2015.03.13"]
[EventType "swiss"]
[EventRounds "6"]
[EventCountry "HUN"]
[SourceTitle "CBM 165 Extra"]
[Source "ChessBase"]
[SourceDate "2015.04.21"]
[SourceVersion "1"]
[SourceVersionDate "2015.04.21"]
[SourceQuality "1"]

1. e4 e6 2. d4 d5 3. Nc3 Nf6 4. Bg5 Be7 5. e5 Nfd7 6. Bxe7 Qxe7 7. f4 a6 8. Qg4 f5 9. Qg3 c5 10. Nf3 Nc6 11. dxc5 Nxc5 12. Be2 d4 13. Nd1 Ne4 14. Qh4 Qxh4+ 15. Nxh4 Nb4 16. Bd3 Nxd3+ 17. cxd3 Nc5 18. Ke2 Bd7 19. Nf3 Bb5 20. Nf2 Rd8 21. Rhc1 Na4 22. Rc7 h6 23. Rac1 Bc6 24. Nh4 0-0 25. g4 fxg4 26. Ng6 Rf7 27. R7xc6 bxc6 28. Rxc6 Rb8 29. Nxg4 h5 30. Nf2 Rxb2+ 31. Kf3 Rb6 32. Rc4 Nc3 33. Rxd4 Kh7 34. Nh4 g5 35. Ng2 Rb2 36. Rd6 g4+ 37. Ke3 Re2+ 38. Kd4 Nb5+ 0-1

[Event "HUN-chT2 Breyer 1415"]
[Site "Hungary"]
[Date "2014.09.21"]
[Round "?"]
[White "Szanto, Levente"]
[Black "Gasparics, Akos"]
[Result "1/2-1/2"]
[WhiteElo "1957"]
[BlackElo "2011"]
[PlyCount "43"]
[EventDate "2014.09.07"]
[EventType "team-tourn"]
[EventRounds "11"]
[EventCountry "HUN"]
[SourceTitle "EXT 2016"]
[Source "ChessBase"]
[SourceDate "2015.10.08"]
[SourceVersion "1"]
[SourceVersionDate "2015.10.08"]
[SourceQuality "1"]
[WhiteTeam "Turul"]
[BlackTeam "Zsambek"]
[WhiteTeamCountry "HUN"]
[BlackTeamCountry "HUN"]

1. e4 e6 2. d4 d5 3. Nc3 Nf6 4. e5 Nfd7 5. f4 c5 6. Be3 Nc6 7. Nf3 cxd4 8. Nxd4 Bc5 9. Qd2 a6 10. Qf2 Nxd4 11. Bxd4 Bxd4 12. Qxd4 Qb6 13. Qxb6 Nxb6 14. Bd3 Bd7 15. Ne2 Rc8 16. Nd4 Nc4 17. Bxc4 Rxc4 18. c3 Ke7 19. Kd2 Rf8 20. Rhf1 b5 21. a3 Rfc8 22. Rac1 1/2-1/2

[Event "HUN-chT2 Breyer 1314"]
[Site "Hungary"]
[Date "2013.09.22"]
[Round "2"]
[White "Gasparics, Akos"]
[Black "Demeter, Tamas"]
[Result "1/2-1/2"]
[WhiteElo "2016"]
[BlackElo "2079"]
[PlyCount "37"]
[EventDate "2013.09.08"]
[EventType "team-tourn"]
[EventRounds "9"]
[EventCountry "HUN"]
[SourceTitle "EXT 2016"]
[Source "ChessBase"]
[SourceDate "2015.10.08"]
[SourceVersion "1"]
[SourceVersionDate "2015.10.08"]
[SourceQuality "1"]
[WhiteTeam "Zsambek"]
[BlackTeam "Gyor Komszomol"]
[WhiteTeamCountry "HUN"]
[BlackTeamCountry "HUN"]

1. e4 d5 2. exd5 Qxd5 3. Nc3 Qd8 4. d4 c6 5. Nf3 Bf5 6. Bd3 Bxd3 7. Qxd3 e6 8. Bf4 Nf6 9. 0-0-0 Bd6 10. Ne5 Qc7 11. Rhe1 Nbd7 12. Kb1 Rf8 13. Ne4 Nxe4 14. Qxe4 Nf6 15. Qf3 0-0-0 16. c3 Qe7 17. Nc4 Bxf4 18. Qxf4 Qc7 19. Qxc7+ 1/2-1/2

[Event "Budapest Art Pub Cup 2nd"]
[Site "Budapest"]
[Date "2013.08.10"]
[Round "4"]
[White "Gasparics, Akos"]
[Black "Medve, Mark"]
[Result "1/2-1/2"]
[WhiteElo "1990"]
[BlackElo "2062"]
[PlyCount "26"]
[EventDate "2013.08.09"]
[EventType "swiss"]
[EventRounds "6"]
[EventCountry "HUN"]
[SourceTitle "CBM 156 Extra"]
[Source "ChessBase"]
[SourceDate "2013.10.22"]
[SourceVersion "1"]
[SourceVersionDate "2013.10.22"]
[SourceQuality "1"]

1. e4 c5 2. c3 d5 3. exd5 Qxd5 4. d4 Nf6 5. Nf3 e6 6. Be2 Nc6 7. 0-0 Be7 8. Bf4 0-0 9. Na3 Qd8 10. dxc5 Bxc5 11. Nb5 Nd5 12. Bg3 a6 13. Nbd4 Nxd4 1/2-1/2

[Event "HUN-chT2 Breyer 1213"]
[Site "Hungary"]
[Date "2012.11.18"]
[Round "4.5"]
[White "Gasparics, Akos"]
[Black "Furesz, Jozsef"]
[Result "0-1"]
[WhiteElo "1971"]
[BlackElo "2010"]
[PlyCount "56"]
[EventDate "2012.09.16"]
[EventType "team-tourn"]
[EventRounds "11"]
[EventCountry "HUN"]
[SourceTitle "EXT 2014"]
[Source "ChessBase"]
[SourceDate "2013.11.20"]
[SourceVersion "1"]
[SourceVersionDate "2013.11.20"]
[SourceQuality "1"]
[WhiteTeam "Zsambek"]
[BlackTeam "Turul"]
[WhiteTeamCountry "HUN"]
[BlackTeamCountry "HUN"]

1. b3 d5 2. Bb2 Nf6 3. e3 Bg4 4. f3 Bf5 5. g4 Bg6 6. h4 h6 7. Nh3 e6 8. Nf4 Bd6 9. Bb5+ c6 10. Nxg6 fxg6 11. Bd3 Bg3+ 12. Kf1 0-0 13. Kg2 Bc7 14. Bxg6 Qd6 15. f4 Nbd7 16. g5 e5 17. gxf6 Rxf6 18. f5 Rxg6+ 19. fxg6 Qxg6+ 20. Kh3 Nf6 21. Rg1 Qf5+ 22. Kg2 Rf8 23. Rf1 Qg6+ 24. Kh3 e4 25. Rf4 Bxf4 26. exf4 Nh5 27. Kh2 Qg3+ 28. Kh1 Rxf4 0-1

[Event "HUN-chT2 Breyer 1213"]
[Site "Hungary"]
[Date "2012.10.07"]
[Round "2.6"]
[White "Gyebnar, Andras"]
[Black "Gasparics, Akos"]
[Result "1/2-1/2"]
[WhiteElo "1908"]
[BlackElo "1971"]
[PlyCount "45"]
[EventDate "2012.09.16"]
[EventType "team-tourn"]
[EventRounds "11"]
[EventCountry "HUN"]
[SourceTitle "EXT 2014"]
[Source "ChessBase"]
[SourceDate "2013.11.20"]
[SourceVersion "1"]
[SourceVersionDate "2013.11.20"]
[SourceQuality "1"]
[WhiteTeam "Esztergom"]
[BlackTeam "Zsambek"]
[WhiteTeamCountry "HUN"]
[BlackTeamCountry "HUN"]

1. e4 e6 2. d4 d5 3. exd5 exd5 4. Bf4 Bd6 5. Bxd6 Qxd6 6. Nf3 Nf6 7. Bd3 0-0 8. 0-0 Bg4 9. Nbd2 Nbd7 10. c3 Rfe8 11. Qc2 c5 12. Rfe1 c4 13. Bf5 Qf4 14. Bxg4 Nxg4 15. Qa4 Rxe1+ 16. Rxe1 Qd6 17. h3 Ngf6 18. Ne5 Nxe5 19. Rxe5 a6 20. Qc2 g6 21. Qd1 b5 22. Qf3 Re8 23. Rxe8+ 1/2-1/2

[Event "HUN-chT2 Breyer 1112"]
[Site "Hungary"]
[Date "2012.04.22"]
[Round "9.6"]
[White "Gasparics, Akos"]
[Black "Gombocz, Ferenc"]
[Result "1-0"]
[WhiteElo "1966"]
[BlackElo "2051"]
[PlyCount "151"]
[EventDate "2011.09.25"]
[EventType "team-tourn"]
[EventRounds "11"]
[EventCountry "HUN"]
[SourceTitle "EXT 2013"]
[Source "ChessBase"]
[SourceDate "2012.11.22"]
[SourceVersion "1"]
[SourceVersionDate "2012.11.22"]
[SourceQuality "1"]
[WhiteTeam "Zsambek"]
[BlackTeam "Biatorbagy"]
[WhiteTeamCountry "HUN"]
[BlackTeamCountry "HUN"]

1. e4 c5 2. c3 Nf6 3. e5 Nd5 4. d4 cxd4 5. Nf3 Nc6 6. cxd4 g6 7. Nc3 Nxc3 8. bxc3 Bg7 9. Bd3 0-0 10. 0-0 d6 11. exd6 Qxd6 12. a4 Rd8 13. Ng5 Nxd4 14. cxd4 Qxd4 15. Ra3 Bf5 16. Be2 Qe5 17. Qe1 Rac8 18. Re3 Qf6 19. Ne4 Qd4 20. Ng3 Be6 21. Qa5 Rd5 22. Qe1 Qxa4 23. Bf3 Rdc5 24. Bd2 R8c7 25. Rxe6 fxe6 26. Qxe6+ Kh8 27. Ne4 Re5 28. Qf7 Rf5 29. Qe6 Qc4 30. Qxc4 Rxc4 31. Rb1 b6 32. Ng3 Rfc5 33. Ne4 Rc7 34. Ng5 Bf6 35. Ne6 Rd7 36. Be3 Rd6 37. Nf4 Ra4 38. Nd5 e5 39. Nxf6 Rxf6 40. Rd1 Rf7 41. Bh6 Rd4 42. Rc1 Rd8 43. h4 Rb8 44. Bd5 Rd7 45. Be6 Re7 46. Rc6 b5 47. Bg5 Rxe6 48. Rxe6 a5 49. Bf6+ Kg8 50. Bxe5 Rb7 51. Ra6 a4 52. f4 Kf7 53. Kf2 b4 54. Rxa4 Ke6 55. Ra5 Kf5 56. Kf3 Ke6 57. Ke4 b3 58. Bb2 Rb4+ 59. Ke3 Rb7 60. Re5+ Kd6 61. Kd3 Kc6 62. Kc4 Rf7 63. g3 Rb7 64. Ba3 Rb8 65. Rc5+ Kd7 66. Rd5+ Kc6 67. Rd2 Re8 68. Rb2 Re3 69. Rxb3 Rxb3 70. Kxb3 Kd5 71. Kc3 Ke4 72. Bd6 Kf3 73. Kd4 h5 74. Kd5 Kxg3 75. f5+ Kxh4 76. f6 1-0

[Event "HUN-chT2 Breyer 1112"]
[Site "Hungary"]
[Date "2012.03.25"]
[Round "8.8"]
[White "Vass, Lajos"]
[Black "Gasparics, Akos"]
[Result "1-0"]
[WhiteElo "2124"]
[BlackElo "1966"]
[PlyCount "89"]
[EventDate "2011.09.25"]
[EventType "team-tourn"]
[EventRounds "11"]
[EventCountry "HUN"]
[SourceTitle "EXT 2013"]
[Source "ChessBase"]
[SourceDate "2012.11.22"]
[SourceVersion "1"]
[SourceVersionDate "2012.11.22"]
[SourceQuality "1"]
[WhiteTeam "BEAC II"]
[BlackTeam "Zsambek"]
[WhiteTeamCountry "HUN"]
[BlackTeamCountry "HUN"]

1. e4 e6 2. d4 d5 3. Nd2 dxe4 4. Nxe4 Nf6 5. Bg5 Be7 6. Bxf6 Bxf6 7. Nf3 Nd7 8. Bd3 b6 9. Nxf6+ Nxf6 10. Bb5+ Bd7 11. Qe2 Bxb5 12. Qxb5+ Qd7 13. a4 a6 14. Qg5 0-0 15. 0-0 h6 16. Qh4 Rad8 17. a5 Qb5 18. axb6 cxb6 19. Rab1 Rc8 20. c3 Rfd8 21. Rfe1 Qb3 22. Ne5 Rd5 23. Qh3 Nd7 24. Nxf7 Kxf7 25. Qxe6+ Kf8 26. Re3 Rb8 27. Qe7+ Kg8 28. Rg3 g5 29. Qe6+ Kg7 30. Qe7+ Kg6 31. Rf3 Rf8 32. Rxf8 Nxf8 33. Qxf8 Rf5 34. Qe8+ Kg7 35. Re1 Rf7 36. Qe5+ Rf6 37. Qe7+ Rf7 38. Qe2 a5 39. h4 gxh4 40. Qg4+ Kh7 41. Re8 Rf6 42. Re7+ Rf7 43. Qf5+ Kg7 44. Qe5+ Kh7 45. Re8 1-0

[Event "HUN-chT2 Breyer 1011"]
[Site "Hungary"]
[Date "2011.05.15"]
[Round "11.9"]
[White "Voros, Sandor"]
[Black "Gasparics, Akos"]
[Result "0-1"]
[WhiteElo "2045"]
[BlackElo "1853"]
[PlyCount "118"]
[EventDate "2010.09.12"]
[EventType "team-tourn"]
[EventRounds "11"]
[EventCountry "HUN"]
[SourceTitle "EXT 2012"]
[Source "ChessBase"]
[SourceDate "2011.11.24"]
[SourceVersion "1"]
[SourceVersionDate "2011.11.24"]
[SourceQuality "1"]
[WhiteTeam "Turul"]
[BlackTeam "Zsambek"]
[WhiteTeamCountry "HUN"]
[BlackTeamCountry "HUN"]

1. e4 e6 2. d4 d5 3. Nd2 Nf6 4. e5 Nfd7 5. Bd3 c5 6. c3 Nc6 7. Ne2 cxd4 8. cxd4 f6 9. exf6 Nxf6 10. 0-0 Bd6 11. Nf3 0-0 12. a3 Qc7 13. h3 Nh5 14. Nc3 Bf4 15. Ng5 g6 16. Be2 Ng7 17. Qd3 a6 18. b4 Nf5 19. Nf3 Nfxd4 20. Nxd4 Nxd4 21. Qxd4 Be5 22. Qh4 Bxc3 23. Ra2 Bf6 24. Qh6 Qf7 25. Qe3 Bd7 26. Bb2 Rac8 27. Bxf6 Qxf6 28. Bg4 h5 29. Bf3 d4 30. Qh6 Bc6 31. Bxc6 Rxc6 32. a4 e5 33. b5 Rd6 34. bxa6 bxa6 35. Qc1 Rc6 36. Qb1 Rfc8 37. Rb2 Qf5 38. Qa2+ Qe6 39. Qb1 Qc4 40. Re1 Qxa4 41. Qe4 Re6 42. Reb1 Qc6 43. Qd3 Qc4 44. Qg3 d3 45. Rb6 d2 46. Rxe6 Qxe6 47. Kh2 Rd8 48. Rd1 Qf5 49. Qb3+ Kg7 50. Kg1 Qe4 51. Qc3 Qd4 52. Qa3 Rf8 53. Qxa6 Rxf2 54. Kh1 e4 55. Qb7+ Rf7 56. Qb5 e3 57. Qa6 Qf4 58. Qa1+ Kh7 59. Qa6 Qf2 0-1

[Event "HUN-chT2 Breyer 1011"]
[Site "Hungary"]
[Date "2011.04.17"]
[Round "9.10"]
[White "Gasparics, Akos"]
[Black "Horvath, Gyorgy Attila"]
[Result "1-0"]
[WhiteElo "1853"]
[BlackElo "1926"]
[PlyCount "59"]
[EventDate "2010.09.12"]
[EventType "team-tourn"]
[EventRounds "11"]
[EventCountry "HUN"]
[SourceTitle "EXT 2012"]
[Source "ChessBase"]
[SourceDate "2011.11.24"]
[SourceVersion "1"]
[SourceVersionDate "2011.11.24"]
[SourceQuality "1"]
[WhiteTeam "Zsambek"]
[BlackTeam "MAFC"]
[WhiteTeamCountry "HUN"]
[BlackTeamCountry "HUN"]

1. e4 c6 2. d4 d5 3. Nc3 dxe4 4. Nxe4 Nd7 5. Bc4 e6 6. Nf3 h6 7. 0-0 Ngf6 8. Nxf6+ Nxf6 9. Ne5 Bd6 10. Bf4 Nd5 11. Qh5 Bxe5 12. Bxe5 Rg8 13. Rad1 Qg5 14. Qe2 g6 15. Bxd5 cxd5 16. Qb5+ Bd7 17. Qxb7 Rc8 18. Qxa7 Qd8 19. Qa3 f6 20. Bg3 Rxc2 21. Rfe1 Kf7 22. Rc1 Qc8 23. Rxc2 Qxc2 24. Qd6 Qc6 25. f3 Qxd6 26. Bxd6 Rc8 27. Bc5 e5 28. b4 exd4 29. Re7+ Kg8 30. Rxd7 1-0

[Event "HUN-chT2 Breyer 1011"]
[Site "Hungary"]
[Date "2011.04.10"]
[Round "8.10"]
[White "Guzs, Laszlo"]
[Black "Gasparics, Akos"]
[Result "0-1"]
[WhiteElo "2032"]
[BlackElo "1853"]
[PlyCount "76"]
[EventDate "2010.09.12"]
[EventType "team-tourn"]
[EventRounds "11"]
[EventCountry "HUN"]
[SourceTitle "EXT 2012"]
[Source "ChessBase"]
[SourceDate "2011.11.24"]
[SourceVersion "1"]
[SourceVersionDate "2011.11.24"]
[SourceQuality "1"]
[WhiteTeam "Gyor Elektromos"]
[BlackTeam "Zsambek"]
[WhiteTeamCountry "HUN"]
[BlackTeamCountry "HUN"]

1. d4 Nf6 2. c4 c5 3. d5 b5 4. cxb5 a6 5. b6 Qxb6 6. Nc3 g6 7. e4 d6 8. Nf3 Bg7 9. Qc2 0-0 10. h3 a5 11. Be2 Na6 12. a3 Nd7 13. 0-0 Ne5 14. Nd2 Nc7 15. f4 Nd7 16. Nc4 Qa7 17. Be3 Nb6 18. Rab1 Nxc4 19. Bxc4 Ba6 20. Na4 Rab8 21. e5 Bb5 22. Bxb5 Nxb5 23. b4 Nd4 24. Qd1 axb4 25. axb4 Ra8 26. bxc5 dxc5 27. Nb6 Rab8 28. Bxd4 cxd4 29. Qxd4 Rfd8 30. Rfc1 Rb7 31. Rc6 Rdb8 32. Qc5 Bh6 33. g3 Qa2 34. Rf1 Qb3 35. Rc8+ Kg7 36. Rxb8 Rxb8 37. Nd7 Qxg3+ 38. Kh1 Rb2 0-1